00242nam a22001097a 4500003000400000020002200004082001600026100001900042245004100061260002200102300000800124SGT a978-81-7391-798-1 a617.8bD18H aHUDDAR, ASMITA aDSE (HI) LANGUAGE AND COMMUNICATION  aINDIA bRCIc2018 a128